Sports Quiz

Random Sports or NFL Quiz

NFL Team Leaders, 2000-2017 Quiz Stats

 Plays Quiz Updated Jan 8, 2019

Challenge
Share
Tweet
Embed
Score 0/192 Timer 12:00
61 Plays Today
Team Player % Correct
New York GiantsEli Manning
99%
New York GiantsEli Manning
99%
Indianapolis ColtsPeyton Manning
98.5%
Indianapolis ColtsPeyton Manning
98.5%
Dallas CowboysTony Romo
95.1%
Dallas CowboysTony Romo
95.1%
Green Bay PackersAaron Rodgers
94.3%
Green Bay PackersAaron Rodgers
94.3%
Carolina PanthersSteve Smith
93.7%
Carolina PanthersSteve Smith
93.7%
Jacksonville JaguarsJimmy Smith
93.4%
Jacksonville JaguarsJimmy Smith
93.4%
Philadelphia EaglesDonovan McNabb
93.4%
Philadelphia EaglesDonovan McNabb
93.4%
Detroit LionsCalvin Johnson
93.3%
Detroit LionsCalvin Johnson
93.3%
Cincinnati BengalsChad Johnson
93.3%
Cincinnati BengalsChad Johnson
93.3%
Houston TexansAndre Johnson
93.1%
Houston TexansAndre Johnson
93.1%
Cincinnati BengalsRudi Johnson
92.9%
Cincinnati BengalsRudi Johnson
92.9%
New England PatriotsTom Brady
92.5%
New England PatriotsTom Brady
92.5%
New Orleans SaintsDrew Brees
92.3%
New Orleans SaintsDrew Brees
92.3%
Arizona CardinalsCarson Palmer
90%
Arizona CardinalsCarson Palmer
90%
Minnesota VikingsRandy Moss
89.8%
Minnesota VikingsRandy Moss
89.8%
Washington RedskinsSantana Moss
89.5%
Washington RedskinsSantana Moss
89.4%
Chicago BearsJay Cutler
89.4%
Chicago BearsJay Cutler
89.4%
Tennessee TitansChris Johnson
89.4%
Tennessee TitansChris Johnson
89.4%
Philadelphia EaglesDeSean Jackson
88.9%
Los Angeles RamsSteven Jackson
88.9%
Atlanta FalconsMatt Ryan
88.7%
Atlanta FalconsMatt Ryan
88.7%
Seattle SeahawksDarrell Jackson
88.6%
Seattle SeahawksDarrell Jackson
88.6%
Denver BroncosDemaryius Thomas
88.4%
Los Angeles RamsSteven Jackson
88.1%
Minnesota VikingsAdrian Peterson
87.6%
Minnesota VikingsAdrian Peterson
87.6%
Los Angeles ChargersPhilip Rivers
86.8%
Los Angeles ChargersPhilip Rivers
86.8%
Carolina PanthersCam Newton
86.4%
New York GiantsTiki Barber
86%
Arizona CardinalsLarry Fitzgerald
86%
Arizona CardinalsLarry Fitzgerald
86%
Denver BroncosDemaryius Thomas
86%
Dallas CowboysMarion Barber
85.6%
New England PatriotsRob Gronkowski
85.5%
Detroit LionsKevin Jones
85.1%
Detroit LionsKevin Jones
85.1%
Pittsburgh SteelersBen Roethlisberger
85%
Pittsburgh SteelersBen Roethlisberger
85%
Seattle SeahawksMatt Hasselbeck
84.1%
Seattle SeahawksMatt Hasselbeck
84.1%
Detroit LionsMatthew Stafford
84%
San Francisco 49ersFrank Gore
83.7%
San Francisco 49ersFrank Gore
83.7%
Team Player % Correct
Baltimore RavensJoe Flacco
83.5%
Baltimore RavensJoe Flacco
83.5%
Miami DolphinsRicky Williams
83.5%
Miami DolphinsRicky Williams
83.5%
Los Angeles ChargersLaDainian Tomlinson
83.4%
Los Angeles ChargersLaDainian Tomlinson
83.4%
Carolina PanthersJonathan Stewart
83.4%
Chicago BearsMatt Forte
83%
Green Bay PackersAhman Green
82.8%
Green Bay PackersAhman Green
82.8%
Kansas City ChiefsTrent Green
82.7%
Kansas City ChiefsTrent Green
82.7%
Dallas CowboysDeMarco Murray
82.6%
Tampa Bay BuccaneersDoug Martin
82.4%
Chicago BearsMatt Forte
82%
San Francisco 49ersAlex Smith
81.7%
Cincinnati BengalsAndy Dalton
81.4%
Cincinnati BengalsAndy Dalton
81.4%
Carolina PanthersCam Newton
81.4%
Carolina PanthersCam Newton
81.4%
Philadelphia EaglesLeSean McCoy
81.2%
Seattle SeahawksShaun Alexander
81%
Seattle SeahawksShaun Alexander
81%
Tampa Bay BuccaneersJosh Freeman
81%
Tampa Bay BuccaneersJosh Freeman
81%
Philadelphia EaglesLeSean McCoy
80.7%
Houston TexansArian Foster
80.3%
Houston TexansArian Foster
80.3%
Minnesota VikingsDaunte Culpepper
79.5%
Minnesota VikingsDaunte Culpepper
79.5%
Detroit LionsMatthew Stafford
79.1%
Green Bay PackersJordy Nelson
79%
Pittsburgh SteelersHines Ward
78.2%
Pittsburgh SteelersHines Ward
78.2%
Atlanta FalconsRoddy White
77.9%
Atlanta FalconsRoddy White
77.9%
Denver BroncosPeyton Manning
77.2%
Houston TexansMatt Schaub
76.8%
Houston TexansMatt Schaub
76.8%
Arizona CardinalsEdgerrin James
76.7%
Indianapolis ColtsEdgerrin James
76.7%
Indianapolis ColtsEdgerrin James
76.7%
Indianapolis ColtsMarvin Harrison
76.2%
Green Bay PackersDonald Driver
76%
New York GiantsBrandon Jacobs
75.7%
Los Angeles RamsTorry Holt
75.5%
Los Angeles RamsTorry Holt
75.5%
San Francisco 49ersVernon Davis
75.2%
San Francisco 49ersVernon Davis
74.9%
Pittsburgh SteelersJerome Bettis
74.5%
Denver BroncosPeyton Manning
74.5%
Washington RedskinsClinton Portis
74.2%
Washington RedskinsClinton Portis
74.2%
Dallas CowboysDez Bryant
72.7%
Indianapolis ColtsReggie Wayne
72.6%
Baltimore RavensJamal Lewis
72.6%
Baltimore RavensJamal Lewis
72.6%
Cleveland BrownsJamal Lewis
72.6%
Kansas City ChiefsJamaal Charles
72.3%
Kansas City ChiefsPriest Holmes
72.3%
Los Angeles RamsMarc Bulger
71.9%
Los Angeles RamsMarc Bulger
71.9%
Philadelphia EaglesJeremy Maclin
71.7%
New York JetsCurtis Martin
71.3%
Team Player % Correct
New York JetsCurtis Martin
71.3%
Atlanta FalconsMichael Turner
70.3%
Tennessee TitansSteve McNair
70%
Tennessee TitansSteve McNair
70%
Los Angeles ChargersAntonio Gates
69.7%
Los Angeles ChargersAntonio Gates
69.7%
New England PatriotsWes Welker
69.3%
New York JetsChad Pennington
69.2%
New York JetsChad Pennington
69.2%
Jacksonville JaguarsMaurice Jones-Drew
68.4%
Dallas CowboysJason Witten
66.3%
Oakland RaidersDerek Carr
65.9%
Oakland RaidersDerek Carr
65.9%
New Orleans SaintsMarques Colston
65.9%
Washington RedskinsKirk Cousins
65.8%
Washington RedskinsKirk Cousins
65.8%
San Francisco 49ersJeff Garcia
65.4%
Jacksonville JaguarsBlake Bortles
65%
New Orleans SaintsMarques Colston
64.7%
Atlanta FalconsMichael Turner
64.4%
Jacksonville JaguarsFred Taylor
63.7%
Jacksonville JaguarsDavid Garrard
63.2%
New York GiantsAmani Toomer
62.5%
New York GiantsAmani Toomer
62.5%
New England PatriotsKevin Faulk
61.4%
New Orleans SaintsDeuce McAllister
61.1%
New Orleans SaintsDeuce McAllister
61.1%
Kansas City ChiefsTony Gonzalez
60.2%
Kansas City ChiefsTony Gonzalez
60.2%
Denver BroncosMike Anderson
58.9%
Denver BroncosMike Anderson
58.9%
Pittsburgh SteelersWillie Parker
58.8%
Buffalo BillsRyan Fitzpatrick
58.4%
New England PatriotsCorey Dillon
56.3%
Buffalo BillsFred Jackson
54.3%
Buffalo BillsFred Jackson
54.3%
Baltimore RavensDerrick Mason
51.8%
Tennessee TitansDerrick Mason
51.8%
Tennessee TitansDerrick Mason
51.8%
Buffalo BillsRyan Fitzpatrick
50.9%
Buffalo BillsLee Evans
49.6%
Cleveland BrownsBraylon Edwards
47.1%
Cleveland BrownsBraylon Edwards
47.1%
Arizona CardinalsBeanie Wells and David Johnson
46.2%
Miami DolphinsRyan Tannehill
45.4%
Tampa Bay BuccaneersMike Alstott
44.2%
Miami DolphinsRyan Tannehill
44%
Cleveland BrownsIsaiah Crowell
43.7%
Tampa Bay BuccaneersMike Evans
42.5%
Cleveland BrownsTim Couch
40.5%
Cleveland BrownsTim Couch
40.5%
Chicago BearsBrandon Marshall
39%
Baltimore RavensTodd Heap
38.7%
Oakland RaidersDarren McFadden
36.8%
Chicago BearsAlshon Jeffery
35.2%
New York JetsLaveranues Coles
34.2%
New York JetsLaveranues Coles
34.2%
Buffalo BillsEric Moulds
32.1%
Tampa Bay BuccaneersMike Evans
30.5%
Miami DolphinsChris Chambers
28.9%
Miami DolphinsChris Chambers
28.9%
Oakland RaidersJerry Porter
15.1%
Oakland RaidersJerry Porter
15.1%
Oakland RaidersZack Crockett
7.1%

You're not logged in!

Compare scores with friends on all Sporcle quizzes.
OR
Log In

You Might Also Like...

Show Comments

Extras

Top Quizzes Today


Score Distribution

Your Account Isn't Verified!

In order to create a playlist on Sporcle, you need to verify the email address you used during registration. Go to your Sporcle Settings to finish the process.

Report this User

Report this user for behavior that violates our Community Guidelines.

Details: